000 00244nam a22001097a 4500
082 _a808.3 TWA'A
100 _aTWAIN, MARK
_923893
245 _aTHE ADVENTURE OF TOM SAWYER
260 _aLONDON
_bSCHOFIELD
_c1968
300 _a176P
942 _cBK
999 _c568053
_d568053